000 00290nam a22001337a 4500
008 171215b xxu||||| |||| 00| 0 eng d
020 _a9780785801498
041 _aeng
080 _a37
100 _a574
101 _aMJE
245 _aGLORIOUS FLOWERCRAFT
_cWESTLAND,P
942 _2udc
_cBK
999 _c39046
_d39046